000 01757nam a2200457 i 4500
001 DIGUGUAD0056
003 NyNyDIG
007 cr |||||||||||
008 250109s2021 mx a o 000 0 spa d
006 m o d
035 _a(OCoLC)1484506177
040 _aDGITA
_beng
_erda
_epn
_cDGITA
020 _a9786075712376
_qeBook
020 _z9786075712369
043 _as-cl---
_an-mx---
050 1 4 _aML3575.C5 ebook
245 0 0 _aCanciones de lejos :
_bcomplicidades musicales entre Chile y México /
_cEnrique Blanc, Gonzalo Planet (coords.).
250 _aPrimera edición electrónica.
264 1 _aGuadalajara, Jalisco :
_bEditorial Universidad de Guadalajara,
_c2021.
300 _a1 online resource :
_billustrations (some color)
336 _atext
_btxt
_2rdacontent
337 _acomputer
_bc
_2rdamedia
338 _aonline resource
_bcr
_2rdacarrier
347 _atext file
_2rdaft
347 _bEPUB
490 1 _aLa Media vuelta
588 0 _aOnline resource; title from ePub title page (Digitalia, viewed January 9, 2025)
650 0 _aFolk music
_zChile.
650 0 _aFolk music
_zMexico.
650 0 _aPopular music
_zChile.
650 0 _aPopular music
_zMexico.
700 1 _aBlanc, Enrique,
_d1961-
_eeditor.
700 1 _aPlanet, Gonzalo,
_eeditor.
791 2 _aDigitalia (Firm),
_edistributor.
793 0 _gDigitalia eBook Collection:
_aUniversidad de Guadalajara
776 0 8 _iPrint version:
_tCanciones de lejos.
_bPrimera edición.
_dGuadalajara, Jalisco : Editorial Universidad de Guadalajara, [2021]
_z9786075712369
830 0 _aColección FIM.
_pMedia vuelta.
856 4 0 _3Digitalia Hispánica
_uhttps://www.digitaliapublishing.com/a/158466/
910 _aPremium collection: 2025
942 _cRAA
999 _c287687
_d287687